| 000 | 00650nam a2200229Ia 4500 | ||
|---|---|---|---|
| 003 | GCL | ||
| 008 | 140319s9999 xx 000 0 eng d | ||
| 020 | _a0080135074 | ||
| 040 |
_aGCL / _cGCL |
||
| 082 | 0 | 4 |
_a759.47 _bD M |
| 100 | 1 | _aDEMOSFENOVA, GALINA | |
| 245 | 1 | 0 |
_aMALEVCH : _bARTIST AND THEORETICIAN / _cDEMOSFENOVA, GALINA |
| 700 | 1 | _aMC KEE, SHARON | |
| 260 |
_aروسيا : _bAVANT - GARADE ، _c1990 |
||
| 260 |
_aفرنسا : _bFLAMMARION ، _c1990 |
||
| 300 |
_a246 P _bILL. ؛ _c35 cm. |
||
| 650 | 0 | 4 | _aMALEVICH, KASIMIR (1878-1935) |
| 650 | 0 | 4 | _aARTS |
| 650 | 0 | 4 | _aRUSSIA - ART |
| 650 | 0 | 4 | _aRUSSIA - PAINTERS |
| 942 |
_2ddc _cBK |
||
| 999 |
_c4833 _d4833 |
||